[Event "Gatineau op U1900"]
[Site "Gatineau CAN"]
[Date "2013.03.03"]
[Round "5"]
[White "Choiniere, Rene"]
[Black "Abrams, Paul"]
[Result "1-0"]
[WhiteElo "1727"]
[BlackElo "1434"]
[PlyCount "95"]
[GameId "2160767909381559"]
[EventDate "2013.03.01"]
[EventType "swiss"]
[EventRounds "5"]
[EventCountry "CAN"]
[SourceTitle "EXT 2022"]
[Source "ChessBase"]
[SourceDate "2021.10.06"]
[SourceVersion "1"]
[SourceVersionDate "2021.10.06"]
[SourceQuality "1"]

1. e4 c5 2. c3 g6 3. Nf3 Bg7 4. d4 cxd4 5. cxd4 d5 6. e5 Bg4 7. Be2 Nc6 8. Nc3 Bxf3 9. Bxf3 e6 10. O-O Nge7 11. Bg5 Qb6 12. Bxe7 Nxe7 13. Na4 Qd8 14. Nc5 Rb8 15. Rc1 O-O 16. Be2 Nc6 17. Rc3 Qe7 18. f4 Rbc8 19. Kh1 Rc7 20. Qd2 Rfc8 21. Rfc1 Nb8 22. a3 b6 23. Nb3 Qd7 24. Rxc7 Rxc7 25. Rxc7 Qxc7 26. Qc3 Qxc3 27. bxc3 Nc6 28. Bb5 Ne7 29. c4 dxc4 30. Bxc4 Nd5 31. Bxd5 exd5 32. g4 f6 33. a4 Kf7 34. Kg2 g5 35. Kf3 gxf4 36. Kxf4 fxe5+ 37. dxe5 Bf8 38. Kf5 Bc5 39. h4 Ke7 40. g5 a6 41. h5 d4 42. g6 h6 43. e6 Kf8 44. Ke4 d3 45. Kxd3 Bd6 46. Ke4 Kg7 47. Kd5 Be7 48. Nd4 1-0

[Event "Gatineau op U1900"]
[Site "Gatineau CAN"]
[Date "2013.03.03"]
[Round "5"]
[White "Danilov, Alex"]
[Black "Raymond, Daniel"]
[Result "1-0"]
[WhiteElo "1693"]
[BlackElo "1846"]
[PlyCount "127"]
[GameId "2160767909381560"]
[EventDate "2013.03.01"]
[EventType "swiss"]
[EventRounds "5"]
[EventCountry "CAN"]
[SourceTitle "EXT 2022"]
[Source "ChessBase"]
[SourceDate "2021.10.06"]
[SourceVersion "1"]
[SourceVersionDate "2021.10.06"]
[SourceQuality "1"]

1. e4 c5 2. Nf3 d6 3. d3 g6 4. g3 Bg7 5. Bg2 Nc6 6. O-O Nf6 7. Nbd2 O-O 8. Re1 Ne8 9. c3 e5 10. Nf1 Bd7 11. Be3 f5 12. exf5 Bxf5 13. Qb3+ Kh8 14. Qxb7 Na5 15. Qb5 Rb8 16. Qa4 Rxb2 17. Qd1 Qd7 18. Bc1 Rb6 19. Ng5 e4 20. d4 cxd4 21. cxd4 d5 22. Ne3 h6 23. Nxf5 Qxf5 24. Nh3 Qf6 25. Ba3 Nd6 26. Nf4 Qxd4 27. Qxd4 Bxd4 28. Nxg6+ Kg7 29. Nxf8 Bxa1 30. Rxa1 Kxf8 31. Rd1 Nac4 32. Bc5 Ra6 33. Bf1 Ke7 34. Rxd5 Ke6 35. Rxd6+ Rxd6 36. Bxc4+ Ke5 37. Bxd6+ Kxd6 38. Kf1 Ke5 39. Ke2 Kd4 40. Bf7 a6 41. Kd2 a5 42. a3 Kc5 43. Kc3 e3 44. fxe3 Kd6 45. Kc2 Ke5 46. Kd3 Kf5 47. h3 Kf6 48. Be8 Kg5 49. Kd4 h5 50. Bd7 h4 51. gxh4+ Kxh4 52. Kc4 Kg5 53. e4 Kf6 54. h4 Ke5 55. Bf5 Kf6 56. h5 Kg5 57. Bg6 Kf6 58. Kb5 Ke5 59. Kxa5 Kf6 60. Kb6 Kg7 61. Ka5 Kf6 62. Kb4 Ke7 63. Kc3 Kf6 64. Kd2 1-0

[Event "Gatineau op U1900"]
[Site "Gatineau CAN"]
[Date "2013.03.03"]
[Round "5"]
[White "Lemieux, Denis"]
[Black "Langer, Herb"]
[Result "1-0"]
[WhiteElo "1603"]
[BlackElo "1802"]
[PlyCount "55"]
[GameId "2160767909381561"]
[EventDate "2013.03.01"]
[EventType "swiss"]
[EventRounds "5"]
[EventCountry "CAN"]
[SourceTitle "EXT 2022"]
[Source "ChessBase"]
[SourceDate "2021.10.06"]
[SourceVersion "1"]
[SourceVersionDate "2021.10.06"]
[SourceQuality "1"]

1. d4 f5 2. c4 Nf6 3. Nc3 e6 4. g3 Be7 5. Bg2 c6 6. Qc2 d5 7. cxd5 exd5 8. Nf3 O-O 9. Bg5 Ne4 10. Bxe7 Qxe7 11. e3 Nd7 12. O-O-O Ndf6 13. h3 Be6 14. Kb1 Rfc8 15. Rhf1 b5 16. Nxe4 Nxe4 17. Nd2 a5 18. Nxe4 dxe4 19. Qc5 Qf7 20. a3 Bd5 21. f3 Bc4 22. Rf2 Bd3+ 23. Kc1 Qa2 24. Kd2 Qxb2+ 25. Ke1 Qb3 26. Rc1 Bc4 27. Kd2 Qxe3+ 28. Kxe3 1-0

[Event "Gatineau op U1900"]
[Site "Gatineau CAN"]
[Date "2013.03.03"]
[Round "5"]
[White "Villeneuve, Luc"]
[Black "Serdula, Jay"]
[Result "1-0"]
[WhiteElo "1764"]
[BlackElo "1772"]
[PlyCount "99"]
[GameId "2160767909381563"]
[EventDate "2013.03.01"]
[EventType "swiss"]
[EventRounds "5"]
[EventCountry "CAN"]
[SourceTitle "EXT 2022"]
[Source "ChessBase"]
[SourceDate "2021.10.06"]
[SourceVersion "1"]
[SourceVersionDate "2021.10.06"]
[SourceQuality "1"]

1. d4 Nf6 2. Nf3 e6 3. e3 c5 4. Bd3 Nc6 5. c3 b6 6. O-O Bb7 7. e4 cxd4 8. cxd4 Nb4 9. Nc3 Nxd3 10. Qxd3 Be7 11. Bf4 O-O 12. Rfe1 Nh5 13. Bd2 f5 14. e5 Rc8 15. Rac1 Qe8 16. d5 exd5 17. Nxd5 Bc5 18. b4 Qf7 19. e6 dxe6 20. Ng5 Qd7 21. bxc5 Bxd5 22. Qh3 Nf6 23. Bc3 h6 24. Nf3 Rxc5 25. Ne5 Qc7 26. Bb2 Rc8 27. Rxc5 Qxc5 28. Nd3 Qe7 29. Nf4 Bxa2 30. Ng6 Qe8 31. Ne5 Rc2 32. Qa3 Bd5 33. f3 Qb5 34. Bd4 a5 35. Qe7 Qe8 36. Qa7 b5 37. Qxa5 Ra2 38. Qc7 Rd2 39. Qc3 Ra2 40. Nd3 Bxf3 41. Nf4 Nd5 42. Qxf3 Nxf4 43. Qxf4 Qc6 44. Qg3 Qd7 45. Qe5 Rd2 46. Bc3 Rd6 47. h3 Rb6 48. Rb1 Kf8 49. Qc5+ Qd6 50. Bb4 1-0

[Event "Grand Pacific op"]
[Site "Victoria CAN"]
[Date "2013.03.29"]
[Round "1"]
[White "Baumgartner, Christopher"]
[Black "Day, Lawrence"]
[Result "0-1"]
[WhiteElo "1810"]
[BlackElo "2225"]
[PlyCount "98"]
[GameId "2160767909372948"]
[EventDate "2013.03.29"]
[EventType "swiss"]
[EventRounds "6"]
[EventCountry "CAN"]
[SourceTitle "CBM 153 Extra"]
[Source "ChessBase"]
[SourceDate "2013.04.22"]
[SourceVersion "1"]
[SourceVersionDate "2013.04.22"]
[SourceQuality "1"]

1. e4 g6 2. d4 Bg7 3. Be3 b6 4. Qd2 Bb7 5. Nc3 d6 6. f3 Nd7 7. O-O-O c6 8. h4 b5 9. h5 Qa5 10. Kb1 Nb6 11. hxg6 hxg6 12. Rxh8 Bxh8 13. Nh3 b4 14. Ne2 Nc4 15. Qc1 Bg7 16. Bf4 c5 17. Ng3 Nb6 18. dxc5 Na4 19. e5 dxe5 20. Be3 e4 21. Bd4 e5 22. Be3 exf3 23. Qd2 Bc6 24. Qd6 Rc8 25. gxf3 Qc7 26. Ng5 Bf8 27. Qxc7 Rxc7 28. N3e4 f5 29. Nd6+ Ke7 30. Nh7 Bh6 31. Ng5 f4 32. Bxf4 exf4 33. Re1+ Kf6 34. Nge4+ Kg7 35. b3 Nc3+ 36. Nxc3 bxc3 37. b4 Re7 38. Rxe7+ Nxe7 39. b5 Bxf3 40. c6 Nxc6 41. bxc6 Bxc6 42. Nc8 a5 43. Na7 Bh1 44. Nb5 f3 45. Nxc3 Bg2 46. Bxg2 fxg2 47. Ne2 Be3 48. c4 g1=Q+ 49. Nxg1 Bxg1 0-1

[Event "Grand Pacific op"]
[Site "Victoria CAN"]
[Date "2013.03.29"]
[Round "1.1"]
[White "Yoos, John"]
[Black "Allan, Phillip"]
[Result "1-0"]
[WhiteElo "2355"]
[BlackElo "1895"]
[PlyCount "63"]
[GameId "2160767909372949"]
[EventDate "2013.03.29"]
[EventType "swiss"]
[EventRounds "6"]
[EventCountry "CAN"]

1. e4 c5 2. Nf3 d6 3. d4 cxd4 4. Nxd4 Nf6 5. Nc3 g6 6. Be3 Bg7 7. f3 Nc6 8. Qd2 O-O 9. Bc4 Bd7 10. O-O-O Rc8 11. Bb3 Qa5 12. Kb1 Rfe8 13. Rhe1 Nxd4 14. Bxd4 Bc6 15. Qf2 Nd7 16. Bxg7 Kxg7 17. f4 Qb6 18. Qd2 Qc5 19. g4 b5 20. h4 a5 21. a4 b4 22. Nd5 Bxd5 23. exd5 Qc7 24. h5 Nc5 25. hxg6 hxg6 26. f5 f6 27. fxg6 Nd7 28. Qh2 Kxg6 29. Qh5+ Kg7 30. g5 Rh8 31. Rxe7+ Kf8 32. Qf7# 1-0

[Event "Grand Pacific op"]
[Site "Victoria CAN"]
[Date "2013.03.29"]
[Round "1.2"]
[White "Crook, David"]
[Black "Rohonyan, Katerina"]
[Result "0-1"]
[WhiteElo "1894"]
[BlackElo "2347"]
[PlyCount "102"]
[GameId "2160767909372950"]
[EventDate "2013.03.29"]
[EventType "swiss"]
[EventRounds "6"]
[EventCountry "CAN"]

1. c4 c6 2. d4 d5 3. cxd5 cxd5 4. Nf3 Nc6 5. Nc3 Bg4 6. e3 e6 7. Be2 Bd6 8. O-O Nge7 9. Nd2 Bxe2 10. Qxe2 a6 11. a3 O-O 12. b4 Qc7 13. Bb2 Bxh2+ 14. Kh1 Bd6 15. Rac1 f5 16. f4 Qd7 17. b5 Na5 18. a4 Rfc8 19. Ra1 Nc4 20. Nxc4 Rxc4 21. Rfc1 Rac8 22. Qd3 Kf7 23. Ne2 axb5 24. a5 Ng8 25. a6 bxa6 26. Rxa6 Rxc1+ 27. Nxc1 Nf6 28. Kg1 Ne4 29. Nb3 Bb4 30. Rb6 Rc4 31. Qe2 g6 32. Ra6 Qc8 33. Ra2 Be7 34. Ra7 Rc2 35. Qxb5 Rxb2 36. Qb4 Qd8 37. Qa3 Rb1+ 38. Kh2 Qf8 39. Nc1 Qh6+ 40. Kg1 Qh4 41. Rc7 Nd2 42. Qc3 Qe1+ 43. Kh2 Nf1+ 44. Kg1 Qxc3 45. Rxc3 Nxe3 46. Kh2 Bd6 47. Nd3 Nf1+ 48. Kg1 Nd2+ 49. Kh2 Rb3 50. Rc6 Rxd3 51. Rxd6 Rxd4 0-1

[Event "Grand Pacific op"]
[Site "Victoria CAN"]
[Date "2013.03.29"]
[Round "1.4"]
[White "Roback, Joe"]
[Black "Wu, Howard"]
[Result "0-1"]
[WhiteElo "1873"]
[BlackElo "2259"]
[PlyCount "100"]
[GameId "2160767909372952"]
[EventDate "2013.03.29"]
[EventType "swiss"]
[EventRounds "6"]
[EventCountry "CAN"]

1. e4 c6 2. d4 d5 3. Nc3 dxe4 4. Nxe4 Nf6 5. Nxf6+ gxf6 6. c3 Bf5 7. Bf4 e6 8. Nf3 Nd7 9. Be2 Nb6 10. O-O Nd5 11. Bg3 Bd6 12. Re1 Nf4 13. Nh4 Bg6 14. Bf1 Qa5 15. b4 Qg5 16. Nf3 Qh5 17. Nd2 Qxd1 18. Raxd1 Rd8 19. Ne4 Bxe4 20. Rxe4 Nd5 21. Rc1 f5 22. Ree1 Be7 23. Bc4 Bg5 24. f4 Nxf4 25. Bxf4 Bxf4 26. Rc2 Rg8 27. Rf2 Bg5 28. Ree2 Kd7 29. Kf1 Kc7 30. Rf3 b5 31. Bb3 Rg6 32. a4 a6 33. Ra2 Kb6 34. a5+ Kc7 35. Re2 Be7 36. Rd3 Bd6 37. h3 Rdg8 38. Bd1 h5 39. Rc2 h4 40. Bf3 Kd7 41. Rd1 Rc8 42. Rb1 Rgg8 43. Re2 f6 44. Rd1 Rge8 45. Bh5 Re7 46. Rde1 Rf8 47. Bg6 Bg3 48. Rd1 Rg8 49. Bh5 Kc7 50. Rc2 e5 0-1

[Event "Grand Pacific op"]
[Site "Victoria CAN"]
[Date "2013.03.29"]
[Round "1.5"]
[White "Pechisker, Alfred"]
[Black "Xiao, Alice"]
[Result "1-0"]
[WhiteElo "2255"]
[BlackElo "1859"]
[PlyCount "81"]
[GameId "2160767909372953"]
[EventDate "2013.03.29"]
[EventType "swiss"]
[EventRounds "6"]
[EventCountry "CAN"]

1. d4 d5 2. c4 e6 3. Nf3 Be7 4. Nc3 Nf6 5. Bg5 h6 6. Bh4 O-O 7. e3 b6 8. cxd5 exd5 9. Bd3 Bb7 10. O-O Ne4 11. Bxe7 Qxe7 12. Rc1 Nd7 13. Qa4 Nxc3 14. Rxc3 c5 15. Bf5 Bc8 16. Qc6 Rb8 17. dxc5 Nxc5 18. Bxc8 Rbxc8 19. Qxd5 Rcd8 20. Qf5 Ne4 21. Rc2 Rd6 22. Nd4 Rf6 23. Qd5 Rg6 24. Nf5 Qe6 25. Rd1 Re8 26. Qxe6 Rgxe6 27. f3 Nc5 28. e4 a5 29. Rd5 Kh7 30. Ne3 Na6 31. a3 Rb8 32. Rd7 Kg8 33. Nf5 b5 34. Nd4 Reb6 35. Nc6 Ra8 36. Nxa5 b4 37. Nc6 bxa3 38. bxa3 Nb8 39. Rd8+ Kh7 40. Ne5 Ra7 41. Rcc8 1-0

[Event "Grand Pacific op"]
[Site "Victoria CAN"]
[Date "2013.03.29"]
[Round "1.6"]
[White "Landingin, Jofrei"]
[Black "Moore, Harry"]
[Result "0-1"]
[WhiteElo "1856"]
[BlackElo "2245"]
[PlyCount "84"]
[GameId "2160767909372954"]
[EventDate "2013.03.29"]
[EventType "swiss"]
[EventRounds "6"]
[EventCountry "CAN"]

1. d4 Nf6 2. c4 g6 3. Nc3 d5 4. cxd5 Nxd5 5. e4 Nxc3 6. bxc3 Bg7 7. Be3 c5 8. Rc1 O-O 9. Qd2 cxd4 10. cxd4 Nc6 11. Nf3 Bg4 12. d5 Bxf3 13. gxf3 Ne5 14. Be2 Qd7 15. h4 Rfc8 16. Rxc8+ Rxc8 17. Bd4 Qa4 18. Bxe5 Bxe5 19. Bd1 Qc4 20. Qe2 Qb4+ 21. Kf1 Rc4 22. Kg2 Rd4 23. Bb3 Rd2 24. Qc4 Qb6 25. Rf1 Qf6 26. Qc8+ Kg7 27. Qg4 Bf4 28. h5 g5 29. Qf5 Qxf5 30. exf5 Kf6 31. Rd1 Rb2 32. Re1 b5 33. Kf1 a5 34. Re2 Bd2 35. d6 exd6 36. h6 a4 37. Bd5 b4 38. Re8 Rb1+ 39. Kg2 b3 40. Rd8 Ke5 41. Bxf7 b2 42. Rb8 a3 0-1

[Event "Grand Pacific op"]
[Site "Victoria CAN"]
[Date "2013.03.29"]
[Round "1.7"]
[White "Awatramani, Janak"]
[Black "Kosinski, George"]
[Result "1-0"]
[WhiteElo "2240"]
[BlackElo "1855"]
[PlyCount "87"]
[GameId "2160767909372955"]
[EventDate "2013.03.29"]
[EventType "swiss"]
[EventRounds "6"]
[EventCountry "CAN"]

1. g3 g6 2. Bg2 Bg7 3. d3 c5 4. Nc3 Nc6 5. e4 e6 6. f4 Nge7 7. Nf3 d6 8. Ne2 O-O 9. c3 Rb8 10. h4 d5 11. e5 d4 12. h5 f6 13. exf6 Bxf6 14. hxg6 hxg6 15. Bd2 b5 16. Qc2 Bd7 17. O-O-O Nd5 18. Rh6 Bg7 19. Rxg6 Nce7 20. Rg5 Nf5 21. Rg1 Nde3 22. Bxe3 Nxe3 23. Qd2 Nxg2 24. Rxg2 Bc6 25. Neg1 Rf5 26. Rxf5 exf5 27. g4 dxc3 28. bxc3 Qa5 29. gxf5 Kf8 30. Rxg7 Kxg7 31. Ne5 Bd5 32. f6+ Kg8 33. f5 Rb7 34. Qg5+ Kh7 35. Qg6+ Kh8 36. Qh6+ Kg8 37. Ne2 Qa3+ 38. Kd2 c4 39. Nf4 Rh7 40. Qg6+ Kf8 41. Qxh7 Qb2+ 42. Ke3 Qc1+ 43. Kd4 Qxf4+ 44. Kxd5 1-0

[Event "Grand Pacific op"]
[Site "Victoria CAN"]
[Date "2013.03.29"]
[Round "1.8"]
[White "Doknjas, Joshua"]
[Black "Sohal, Tanraj"]
[Result "0-1"]
[WhiteElo "1832"]
[BlackElo "2240"]
[PlyCount "52"]
[GameId "2160767909372956"]
[EventDate "2013.03.29"]
[EventType "swiss"]
[EventRounds "6"]
[EventCountry "CAN"]

1. e4 c5 2. Nf3 Nc6 3. d4 cxd4 4. Nxd4 Nf6 5. Nc3 e6 6. Ndb5 d6 7. Bf4 e5 8. Bg5 a6 9. Na3 b5 10. Nd5 Be7 11. Bxf6 Bxf6 12. c4 Nd4 13. cxb5 O-O 14. bxa6 Bxa6 15. Bxa6 Qa5+ 16. Qd2 Qxa6 17. Nc2 Bg5 18. Qd1 Rac8 19. Nxd4 exd4 20. f4 Rfe8 21. fxg5 Rxe4+ 22. Kf2 Qb5 23. Qb3 Qe2+ 24. Kg1 d3 25. Qd1 Qxb2 26. Kf1 Rc2 0-1

[Event "Grand Pacific op"]
[Site "Victoria CAN"]
[Date "2013.03.29"]
[Round "1.9"]
[White "Davies, Lucas"]
[Black "Leblanc, Paul"]
[Result "1-0"]
[WhiteElo "2233"]
[BlackElo "1832"]
[PlyCount "57"]
[GameId "2160767909372957"]
[EventDate "2013.03.29"]
[EventType "swiss"]
[EventRounds "6"]
[EventCountry "CAN"]

1. e4 c6 2. d4 g6 3. Nc3 Bg7 4. Be3 d5 5. e5 Nh6 6. Bf4 f6 7. exf6 exf6 8. Qd2 Nf5 9. O-O-O Kf7 10. g4 Nd6 11. g5 Bf5 12. gxf6 Bxf6 13. Be5 Ne4 14. Nxe4 Bxe4 15. f3 Bf5 16. Ne2 Nd7 17. f4 a5 18. Ng3 Bg4 19. Re1 Nb6 20. Kb1 Re8 21. f5 Nd7 22. Qf4 Bxf5 23. Nxf5 gxf5 24. Qxf5 Nf8 25. Qh5+ Kg8 26. Rg1+ Kh8 27. Qf7 Nd7 28. Bxf6+ Nxf6 29. Qg7# 1-0

[Event "Grand Pacific op"]
[Site "Victoria CAN"]
[Date "2013.03.29"]
[Round "1.24"]
[White "Escandor, Manuel Omana"]
[Black "Wu, Ruining (Ray)"]
[Result "0-1"]
[WhiteElo "1622"]
[BlackElo "2019"]
[PlyCount "112"]
[GameId "2160767909372958"]
[EventDate "2013.03.29"]
[EventType "swiss"]
[EventRounds "6"]
[EventCountry "CAN"]

1. e4 c6 2. Nc3 d5 3. d4 dxe4 4. Nxe4 Bf5 5. Nc3 Nf6 6. Nf3 e6 7. Bd3 Bxd3 8. Qxd3 Be7 9. O-O O-O 10. Re1 c5 11. Be3 cxd4 12. Nxd4 a6 13. Rad1 Qc7 14. Qe2 Nc6 15. Nxc6 Qxc6 16. Bg5 h6 17. Bf4 Rfd8 18. Be5 Rd7 19. Rxd7 Nxd7 20. Bd4 Bf6 21. Bxf6 Nxf6 22. Rd1 Rc8 23. h3 b5 24. a3 Qc5 25. Rd2 Rb8 26. Ne4 Nxe4 27. Qxe4 Rc8 28. c3 a5 29. Qb7 Qc6 30. Rd7 Qxb7 31. Rxb7 Rc5 32. Rb8+ Kh7 33. Rd8 Kg6 34. Kf1 Re5 35. f3 a4 36. Rd4 Rc5 37. Kf2 Kf6 38. Rf4+ Ke7 39. Rd4 f5 40. f4 g5 41. Kf3 gxf4 42. Rxf4 Rc4 43. Rxc4 bxc4 44. Ke3 e5 45. g3 Ke6 46. Kf3 h5 47. h4 e4+ 48. Ke2 Ke5 49. Ke3 f4+ 50. Kf2 fxg3+ 51. Kxg3 Kf5 52. Kf2 Kf4 53. Ke2 e3 54. Ke1 Kf3 55. Kf1 e2+ 56. Ke1 Ke3 0-1

[Event "Grand Pacific op"]
[Site "Victoria CAN"]
[Date "2013.03.30"]
[Round "2"]
[White "Cohen, Lawrence S"]
[Black "Davies, Lucas"]
[Result "0-1"]
[WhiteElo "1959"]
[BlackElo "2184"]
[PlyCount "88"]
[GameId "2160767909372959"]
[EventDate "2013.03.29"]
[EventType "swiss"]
[EventRounds "6"]
[EventCountry "CAN"]
[SourceTitle "CBM 153 Extra"]
[Source "ChessBase"]
[SourceDate "2013.04.22"]
[SourceVersion "1"]
[SourceVersionDate "2013.04.22"]
[SourceQuality "1"]

1. c4 e5 2. g3 Nc6 3. Bg2 g6 4. Nc3 Bg7 5. e3 d6 6. Nge2 Be6 7. d3 Qd7 8. h3 Nge7 9. Nd5 O-O 10. Nec3 Nd8 11. Nxe7+ Qxe7 12. O-O c6 13. Kh2 f5 14. Rg1 Nf7 15. f4 Rad8 16. Qa4 a6 17. Qb4 Kh8 18. Bd2 Rd7 19. Rae1 g5 20. Rgf1 Rg8 21. e4 gxf4 22. gxf4 Qh4 23. Re2 Bh6 24. fxe5 Qg3+ 25. Kh1 fxe4 26. Nxe4 Qxd3 27. Bxh6 Qxe2 28. Rf2 Qd1+ 29. Rf1 Qd3 30. Qc3 Qxc3 31. bxc3 Nxh6 32. Nf6 dxe5 33. Nxd7 Bxd7 34. a4 Nf5 35. Rb1 Bc8 36. Re1 Re8 37. c5 Kg7 38. Kh2 Kf6 39. Be4 Rd8 40. Re2 Kg5 41. Rf2 h5 42. Bc2 Be6 43. Bb1 Ne3 44. c4 Rd2 0-1

[Event "Grand Pacific op"]
[Site "Victoria CAN"]
[Date "2013.03.30"]
[Round "2"]
[White "Day, Lawrence"]
[Black "Daswani, Benedict"]
[Result "1-0"]
[WhiteElo "2225"]
[BlackElo "2014"]
[PlyCount "79"]
[GameId "2160767909372960"]
[EventDate "2013.03.29"]
[EventType "swiss"]
[EventRounds "6"]
[EventCountry "CAN"]
[SourceTitle "CBM 153 Extra"]
[Source "ChessBase"]
[SourceDate "2013.04.22"]
[SourceVersion "1"]
[SourceVersionDate "2013.04.22"]
[SourceQuality "1"]

1. e4 d6 2. d4 Nf6 3. Nc3 g6 4. f4 Bg7 5. Nf3 c5 6. d5 O-O 7. a4 Qa5 8. Nd2 Ng4 9. Nb3 Bxc3+ 10. bxc3 Qxc3+ 11. Bd2 Qf6 12. Qf3 Bd7 13. h3 c4 14. Bxc4 Rc8 15. Bd3 Nh6 16. O-O e6 17. f5 gxf5 18. Qg3+ Kh8 19. Qxd6 Ng8 20. Be3 e5 21. Qb4 Ne7 22. c4 Na6 23. Qc3 b6 24. Rf2 Qg7 25. d6 Nc6 26. exf5 f6 27. Be4 Rab8 28. Qd2 Nd8 29. Bd5 Nf7 30. Be6 Rd8 31. c5 Bxe6 32. fxe6 bxc5 33. exf7 Rxb3 34. Bh6 Qxf7 35. Raf1 Rbb8 36. Rxf6 Qg8 37. Qe2 Qd5 38. Qxa6 Rg8 39. Qe2 Qd4+ 40. Kh2 1-0

[Event "Grand Pacific op"]
[Site "Victoria CAN"]
[Date "2013.03.30"]
[Round "2.1"]
[White "Kostadinov, George"]
[Black "Yoos, John"]
[Result "0-1"]
[WhiteElo "2136"]
[BlackElo "2355"]
[PlyCount "76"]
[GameId "2160767909372961"]
[EventDate "2013.03.29"]
[EventType "swiss"]
[EventRounds "6"]
[EventCountry "CAN"]

1. d4 Nf6 2. c4 e6 3. Nf3 Nc6 4. Nc3 Bb4 5. Qc2 d6 6. a3 Bxc3+ 7. Qxc3 Qe7 8. Bg5 h6 9. Bh4 g5 10. Nxg5 hxg5 11. Bxg5 Rg8 12. h4 Ne4 13. Bxe7 Nxc3 14. bxc3 Kxe7 15. Rb1 b6 16. Rg1 Rh8 17. g3 Rb8 18. Bg2 Bd7 19. e3 Na5 20. Bf1 c5 21. Kd2 Ba4 22. Be2 Bb3 23. Rh1 Bxc4 24. Bxc4 Nxc4+ 25. Kd3 Na5 26. Rbg1 Rbc8 27. g4 cxd4 28. cxd4 Nc4 29. g5 d5 30. f4 b5 31. Rb1 Rb8 32. Ra1 Rh5 33. Rh2 Rbh8 34. Rb1 Rb8 35. Ra1 a5 36. e4 Rbh8 37. Re2 dxe4+ 38. Rxe4 Rxh4 0-1

[Event "Grand Pacific op"]
[Site "Victoria CAN"]
[Date "2013.03.30"]
[Round "2.2"]
[White "Rohonyan, Katerina"]
[Black "Airapetian, Chouchanik"]
[Result "1-0"]
[WhiteElo "2347"]
[BlackElo "2131"]
[PlyCount "65"]
[GameId "2160767909372962"]
[EventDate "2013.03.29"]
[EventType "swiss"]
[EventRounds "6"]
[EventCountry "CAN"]

1. e4 e5 2. Nf3 Nc6 3. Bc4 Bc5 4. b4 Bxb4 5. c3 Ba5 6. d4 exd4 7. O-O Nf6 8. cxd4 Nxe4 9. d5 Ne7 10. Qd4 Nf6 11. Bg5 O-O 12. Bxf6 gxf6 13. Nbd2 Bxd2 14. Nxd2 Nf5 15. Qg4+ Ng7 16. d6 f5 17. Qg3 cxd6 18. Nf3 d5 19. Bxd5 d6 20. Ng5 Qf6 21. Rad1 f4 22. Ne4 Qe5 23. Qh4 Bf5 24. Nxd6 Bg6 25. Rfe1 Qh5 26. Qxf4 Ne6 27. Qg3 Rad8 28. h4 Kh8 29. Rd2 Rg8 30. Qc3+ Rg7 31. Bxe6 Qxh4 32. Bxf7 h6 33. Bxg6 1-0

[Event "Grand Pacific op"]
[Site "Victoria CAN"]
[Date "2013.03.30"]
[Round "2.3"]
[White "Erichsen, Dan"]
[Black "Villavieja, Butch"]
[Result "0-1"]
[WhiteElo "2103"]
[BlackElo "2294"]
[PlyCount "54"]
[GameId "2160767909372963"]
[EventDate "2013.03.29"]
[EventType "swiss"]
[EventRounds "6"]
[EventCountry "CAN"]

1. e4 c5 2. Nf3 d6 3. d4 cxd4 4. Nxd4 Nf6 5. Nc3 a6 6. Be3 e5 7. Nb3 Be7 8. h3 Be6 9. Qf3 b5 10. O-O-O Qc7 11. g4 h6 12. Nd5 Bxd5 13. exd5 Nbd7 14. Kb1 Nb6 15. Bg2 a5 16. Qe2 Nc4 17. f4 a4 18. Nd2 Nxe3 19. Qxe3 exf4 20. Qxf4 O-O 21. Qb4 Rfc8 22. Rc1 a3 23. Rhe1 Ra4 24. Qb3 axb2 25. Kxb2 Rca8 26. Re3 Rxa2+ 27. Qxa2 Rxa2+ 0-1

[Event "Grand Pacific op"]
[Site "Victoria CAN"]
[Date "2013.03.30"]
[Round "2.4"]
[White "Wu, Howard"]
[Black "Patterson, Roger"]
[Result "1-0"]
[WhiteElo "2259"]
[BlackElo "2100"]
[PlyCount "33"]
[GameId "2160767909372964"]
[EventDate "2013.03.29"]
[EventType "swiss"]
[EventRounds "6"]
[EventCountry "CAN"]

1. e4 c5 2. Nf3 d6 3. d4 cxd4 4. Nxd4 Nf6 5. Nc3 e6 6. Bc4 Be7 7. Be3 O-O 8. O-O d5 9. exd5 exd5 10. Bb3 Nc6 11. h3 Re8 12. Nce2 Na5 13. Re1 b6 14. Ng3 Bb7 15. Ba4 Rf8 16. Ngf5 Rc8 17. Bh6 1-0

[Event "Grand Pacific op"]
[Site "Victoria CAN"]
[Date "2013.03.30"]
[Round "2.5"]
[White "Lai, Peter"]
[Black "Pechisker, Alfred"]
[Result "0-1"]
[WhiteElo "2029"]
[BlackElo "2255"]
[PlyCount "74"]
[GameId "2160767909372965"]
[EventDate "2013.03.29"]
[EventType "swiss"]
[EventRounds "6"]
[EventCountry "CAN"]

1. d4 Nf6 2. c4 g6 3. Nc3 Bg7 4. e4 d6 5. f3 O-O 6. Be3 e5 7. Nge2 Nbd7 8. Qd2 Ne8 9. O-O-O f5 10. g3 Qe7 11. Bg2 c6 12. b3 Ndf6 13. dxe5 dxe5 14. Kb1 Be6 15. Na4 b6 16. Nec3 Qc7 17. Qc1 fxe4 18. Nxe4 Nxe4 19. fxe4 Nf6 20. h3 Nh5 21. g4 Nf4 22. Bf1 g5 23. Rh2 Bf7 24. Rhd2 Rad8 25. c5 b5 26. Nc3 Bg6 27. b4 a5 28. Qb2 Rxd2 29. Bxd2 Nd5 30. bxa5 Nxc3+ 31. Bxc3 Bxe4+ 32. Kc1 Qe7 33. Qb4 Bf3 34. Re1 Rf4 35. Qa3 Ra4 36. Qb3+ Bd5 37. Qc2 Rxa2 0-1

[Event "Grand Pacific op"]
[Site "Victoria CAN"]
[Date "2013.03.30"]
[Round "2.6"]
[White "Moore, Harry"]
[Black "Herdin, Matthew"]
[Result "1/2-1/2"]
[WhiteElo "2245"]
[BlackElo "2094"]
[PlyCount "66"]
[GameId "2160767909372966"]
[EventDate "2013.03.29"]
[EventType "swiss"]
[EventRounds "6"]
[EventCountry "CAN"]

1. e4 e5 2. Nf3 Nc6 3. Bb5 a6 4. Ba4 Nf6 5. O-O Be7 6. Re1 b5 7. Bb3 O-O 8. a4 Bb7 9. d3 b4 10. Nbd2 d6 11. c3 h6 12. d4 Re8 13. d5 bxc3 14. bxc3 Nb8 15. Nf1 Bf8 16. a5 Nbd7 17. Ba4 Rc8 18. Ng3 c6 19. c4 cxd5 20. cxd5 Rc4 21. Qd3 Rxa4 22. Rxa4 Nc5 23. Qa3 Nxa4 24. Qxa4 Bc8 25. Be3 Bd7 26. Qb4 Qb8 27. Rb1 Qxb4 28. Rxb4 Bb5 29. Nf5 Kh7 30. Bd2 Rc8 31. Ne1 g6 32. Ne3 Be7 33. f3 Nd7 1/2-1/2

[Event "Grand Pacific op"]
[Site "Victoria CAN"]
[Date "2013.03.30"]
[Round "2.7"]
[White "Wu, Ruining (Ray)"]
[Black "Awatramani, Janak"]
[Result "1/2-1/2"]
[WhiteElo "2019"]
[BlackElo "2240"]
[PlyCount "53"]
[GameId "2160767909372967"]
[EventDate "2013.03.29"]
[EventType "swiss"]
[EventRounds "6"]
[EventCountry "CAN"]

1. d4 b6 2. c4 Bb7 3. Nc3 e6 4. Nf3 Nf6 5. a3 d5 6. Bg5 a6 7. cxd5 exd5 8. e3 Be7 9. Bd3 Ne4 10. Bxe7 Qxe7 11. O-O Nd7 12. Rc1 c5 13. Nd2 O-O 14. Re1 Rae8 15. Qe2 b5 16. dxc5 Ndxc5 17. b4 Nxd2 18. Qxd2 Ne6 19. Ne2 Qg5 20. f4 Qd8 21. Nd4 Qb6 22. Bf5 g6 23. Bxe6 fxe6 24. Rc5 e5 25. fxe5 Rxe5 26. Nf3 Re4 27. Nd4 1/2-1/2

[Event "Grand Pacific op"]
[Site "Victoria CAN"]
[Date "2013.03.30"]
[Round "2.8"]
[White "Sohal, Tanraj"]
[Black "Dimitrijevic, Darko"]
[Result "1-0"]
[WhiteElo "2240"]
[BlackElo "2028"]
[PlyCount "39"]
[GameId "2160767909372968"]
[EventDate "2013.03.29"]
[EventType "swiss"]
[EventRounds "6"]
[EventCountry "CAN"]

1. d4 d5 2. c4 e6 3. Nc3 Nf6 4. Bg5 c5 5. cxd5 cxd4 6. Qxd4 Be7 7. e4 Nc6 8. Bb5 O-O 9. Bxc6 bxc6 10. Nf3 cxd5 11. e5 Ne4 12. Bxe7 Qxe7 13. O-O f5 14. exf6 Rxf6 15. Nxd5 exd5 16. Qxd5+ Qe6 17. Qxa8 Qg4 18. Rac1 Rf8 19. Ne5 Qf5 20. Rxc8 1-0